000 00501nam a2200181Ia 4500
005 20250326141543.0
008 250326s9999 xx 000 0 und d
037 _aTextbook
040 _aFMSL
_beng
_cFMSL
041 _aeng
_2eng
084 _aX:97 N0
_qFMSL
100 _aSingh B P
245 0 _aPersonnel management and industrial relations
_cSingh B P
260 _aDelhi
_bDelhi, Dhanpat Rai & Sons.
_c1990
300 _a548p
942 _cTB
_hX:97 N0
999 _c1290851
_d1290851